000 01542nam0a2200349 4500
001 RU\NLR\BIBL_A\022695271
005 20260310155848.0
010 _a978-5-85524-292-8
_9300
021 _aRU
_bКН-П-25-067345
_9КН-П-25-6508
035 _a(NLR Aleph) 022695271
090 _a13632808
_c13632808
100 _a20251224d2025 m y0rusy50 ca
101 1 _arus
_agrc
_cund
102 _aRU
105 _ay|||j|||000zy
200 1 _aУчебник греческого языка Нового Завета
_fДж. Грешем Мейчен
_gперевод на русский язык и адаптация текста А. А. Руденко
_gнаучный редактор Е. Б. Смагина
205 _a3-е изд., испр. и доп.
210 _aМосква
_cРоссийское библейское общество
_d2025
215 _a239 с.
_cтабл.
_d21
300 _aЗагл. обл.: Учебник греческого языка
300 _aНа 6-й с. авт.: д-р Дж. Грешен Мейчен - проф.
300 _aНа обл. авт. не указан
512 1 _aУчебник греческого языка
606 1 _aГреческий язык
_jУчебные издания
_9896993
_3RU\NLR\auth\66325503
686 1 _aШ145.1-93рус
700 1 _aМейчен
_bД. Г.
_gДж Грешем
702 1 _aРуденко
_bА. А.
_4730
942 _cBOOK
980 _aNBR
980 _aNB